Towards a new poverty agenda in Asia : (Record no. 2677)

000 -LEADER
fixed length control field 01773cam a2200385 a 4500
001 - CONTROL NUMBER
control field 16322400
003 - CONTROL NUMBER IDENTIFIER
control field OSt
005 - DATE AND TIME OF LATEST TRANSACTION
control field 20180117085947.0
008 - FIXED-LENGTH DATA ELEMENTS--GENERAL INFORMATION
fixed length control field 100708s2010 ii b 001 0 eng
010 ## - LIBRARY OF CONGRESS CONTROL NUMBER
LC control number 2010028615
015 ## - NATIONAL BIBLIOGRAPHY NUMBER
National bibliography number GBB071388
Source bnb
016 7# - NATIONAL BIBLIOGRAPHIC AGENCY CONTROL NUMBER
Record control number 015573386
Source Uk
020 ## - INTERNATIONAL STANDARD BOOK NUMBER
International Standard Book Number 9788132105046 (hbk.)
020 ## - INTERNATIONAL STANDARD BOOK NUMBER
International Standard Book Number 8132105044 (hbk.)
035 ## - SYSTEM CONTROL NUMBER
System control number (OCoLC)ocn640085897
040 ## - CATALOGING SOURCE
Original cataloging agency DLC
Transcribing agency DLC
Modifying agency YDX
-- UKM
-- YDXCP
-- DKAGE
-- CDX
-- UKMGB
-- DLC
043 ## - GEOGRAPHIC AREA CODE
Geographic area code d------
-- a------
050 00 - LIBRARY OF CONGRESS CALL NUMBER
Classification number HN18.3
Item number .H333 2010
082 00 - DEWEY DECIMAL CLASSIFICATION NUMBER
Classification number 320.609172/4
Edition number 22
100 1# - MAIN ENTRY--PERSONAL NAME
Personal name Haan, Arjan de.
245 10 - TITLE STATEMENT
Title Towards a new poverty agenda in Asia :
Remainder of title social policies and economic transformation /
Statement of responsibility, etc. Arjan De Haan.
260 ## - PUBLICATION, DISTRIBUTION, ETC.
Place of publication, distribution, etc. New Delhi ;
-- Thousand Oaks, Calif. :
Name of publisher, distributor, etc. SAGE,
Date of publication, distribution, etc. 2010.
300 ## - PHYSICAL DESCRIPTION
Extent xvi, 260 p. ;
Dimensions 22 cm.
504 ## - BIBLIOGRAPHY, ETC. NOTE
Bibliography, etc. note Includes bibliographical references and index.
505 0# - FORMATTED CONTENTS NOTE
Formatted contents note Why social policy matters -- Globalization: all boats rising or growing divides? -- Demise of the state? -- International development and social policy -- Latin America: from corporatism to liberalism -- The short era of the developmental state in Africa -- East Asia: social policy's role in economic success -- South Asian welfarism -- A normative framework for social policy.
650 #0 - SUBJECT ADDED ENTRY--TOPICAL TERM
Topical term or geographic name entry element Social policy.
650 #0 - SUBJECT ADDED ENTRY--TOPICAL TERM
Topical term or geographic name entry element Economic development.
650 #0 - SUBJECT ADDED ENTRY--TOPICAL TERM
Topical term or geographic name entry element Poverty.
651 #0 - SUBJECT ADDED ENTRY--GEOGRAPHIC NAME
Geographic name Asia
General subdivision Social policy.
651 #0 - SUBJECT ADDED ENTRY--GEOGRAPHIC NAME
Geographic name Developing countries
General subdivision Social policy.
906 ## - LOCAL DATA ELEMENT F, LDF (RLIN)
a 7
b cbc
c orignew
d 1
e ecip
f 20
g y-gencatlg
942 ## - ADDED ENTRY ELEMENTS (KOHA)
Source of classification or shelving scheme
Koha item type Book
Holdings
Withdrawn status Lost status Source of classification or shelving scheme Damaged status Not for loan Collection code Permanent Location Current Location Shelving location Date acquired Total Checkouts Full call number Barcode Date last seen Price effective from Koha item type
            Central Library (CL) Central Library (CL) General Stacks 03/10/2016   320.609172/4 HAA S3H-S-394 12/28/2021 03/10/2016 Book
© 2023 Central Library, National University of Sciences and Technology. All Rights Reserved.